One-Word Movie Quotes by Picture - Statistics

General Stats
  • This quiz has been taken 2,586 times
    1,684 since last reset
  • The average score is 7 of 18
Answer Stats
Picture Answer % Correct
Kevin!
72%
Adrian!
56%
Freedom!
56%
Nooooooooo!
49%
Mine!
48%
Wall-E
48%
Bueller
40%
Ni!
35%
Redrum!
35%
Stella!
35%
Inconceivable!
32%
Khan!
32%
Rosebud
32%
Wilson!
31%
Smokin'!
28%
Toga!
28%
What?
24%
Everyone!
12%
No matching quizzes found
Score Distribution
Percent of People with Each Score
Percentile by Number Answered
Your Score History
You have not taken this quiz since the last reset